Statistics for Former Names of Places #3

Click here to take the quiz!

General Stats

  • This quiz has been taken 61 times
    (14 since last reset)
  • The average score is 11 of 18

Answer Stats

Former name Current name % Correct
MesopatamiaIraq
100%
ZaireD.R. Congo
100%
Dutch East IndiesIndonesia
92%
DanzigGdansk
85%
StalingradVolgograd
85%
DahomeyBenin
85%
BechuanalandBotswana
69%
Gilbert IslandsKiribati
69%
ByzantiumIstanbul
69%
Gold CoastGhana
69%
BessarabiaMoldova
62%
SalonicaThessaloniki
62%
CantonGuangzhou
62%
BasutolandLesotho
46%
East PrussiaKaliningrad
46%
GodthabNuuk
38%
OrissaOdisha
8%
Frobisher BayIqaluit
0%

Score Distribution

Percentile by Number Answered

Percent of People with Each Score

Your Score History

You have not taken this quiz since the last reset